000 00548nam a2200169 i 4500
001 76798
003 ES-MaACL
005 20230906172950.0
007 t|
008 041005s1947 sp ||||1| spa d
100 1 _aGuillén e Igual, Bartolomé.
_960781
245 1 0 _aSuspensiones de pagos mercantil y jurídicamente considerados /
_cBartolomé Guillén e Igual.
260 _aBarcelona :
_bBosch,
_c[1947] (
_fClarasó)
300 _a203 p. ;
_c20 cm.
650 4 _aSuspensión de pagos-
_zEspaña.
_9145980
852 _aES-MaACL
_jB-12827
_bR.26882
999 _c76798
_d76798